History Quiz

Random History Quiz

Who Owns That European City in 1939 (read How to Play) Quiz Stats

 Plays Quiz not verified by Sporcle

Score 0/25 Timer 10:00
1 Play Today
% Correct
Ireland
72.8%
United Kingdom
72.8%
Albania
70.5%
Czechoslovakia
64.2%
Czechoslovakia
62.4%
Yugoslavia
62.4%
Hungary
60.1%
Poland
59.5%
Poland
59.5%
Italy
57.2%
Poland
56.6%
Germany
56.1%
Poland
55.5%
% Correct
Germany
52.6%
Germany
49.7%
Free City of Danzig
47.4%
Germany
47.4%
Romania
42.8%
Poland
41%
France
39.3%
Italy
38.7%
Lithuania
36.4%
Hungary
32.9%
Italy
27.7%
Italy
27.7%

You're not logged in!

Compare scores with friends on all Sporcle quizzes.
OR
Log In

Show Comments

Extras

Top Quizzes Today


Score Distribution

Your Account Isn't Verified!

In order to create a playlist on Sporcle, you need to verify the email address you used during registration. Go to your Sporcle Settings to finish the process.

Report this User

Report this user for behavior that violates our Community Guidelines.

Details: